| Tag |
First Indicator |
Second Indicator |
Subfields |
| LEADER |
00000cam a2200000 a 4500 |
| 001 |
in00000028950 |
| 005 |
20151007054745.0 |
| 008 |
870813s1988 ilu b 00110 eng |
| 010 |
|
|
|a 87024404
|
| 020 |
|
|
|a 0226121429
|
| 035 |
|
|
|a (OCoLC)16680979
|
| 035 |
|
|
|9 AAB6132AM
|
| 040 |
|
|
|a DLC
|c DLC
|d TXA
|d UtOrBLW
|
| 049 |
|
|
|a TXAM
|c [A11503694]
|
| 050 |
0 |
0 |
|a LB2353.57
|b .C76 1988
|
| 082 |
0 |
|
|a 378/.1664
|2 19
|
| 100 |
1 |
|
|a Crouse, James.
|
| 245 |
1 |
4 |
|a The case against the SAT /
|c James Crouse and Dale Trusheim.
|
| 264 |
|
1 |
|a Chicago :
|b University of Chicago Press,
|c 1988.
|
| 300 |
|
|
|a xiii, 224 pages ;
|c 24 cm.
|
| 336 |
|
|
|a text
|b txt
|2 rdacontent
|
| 337 |
|
|
|a unmediated
|b n
|2 rdamedia
|
| 338 |
|
|
|a volume
|b nc
|2 rdacarrier
|
| 504 |
|
|
|a Bibliography: pages 209-217.
|
| 500 |
|
|
|a Includes index.
|
| 650 |
|
0 |
|a SAT (Educational test)
|
| 700 |
1 |
|
|a Trusheim, Dale.
|
| 999 |
|
|
|a MARS
|
| 999 |
f |
f |
|s ff35554c-f8b0-37a4-8cd7-b750918bf92e
|i 40b87eec-8fe9-3354-98d2-c86f76a21957
|t 0
|
| 952 |
f |
f |
|p normal
|a Texas A&M University
|b College Station
|c Sterling C. Evans Library
|d Evans: Library Stacks
|t 0
|e LB2353.57 .C76 1988
|h Library of Congress classification
|i unmediated -- volume
|m A14811503694
|
| 998 |
f |
f |
|a LB2353.57 .C76 1988
|t 0
|l Evans: Library Stacks
|